00630nam a22001815i 450000100060000000300090000600500170001500700030003200800410003504000200007608000210009610000350011724501030015226000800025530000520033570000400038785200210042768546ES-MaACL20250906063049.0t|960808s1859 sp ||||1| spa d aCAM bspa cCAM a821.134.2-82"18"1 aGarrido, Fernando, d1821-188310aObras escogidas de Fernando Garrido ... / cprecedidas de un prólogo por Francisco Pi y Margall. aBarcelona : bLibrería de Salvador Manero, c1859 (fImp. de El Porvenir) a2 t. en 1 v. ( XI, 423; [4], 296 p.) ; c34 cm.1 aPi y Margall, Francisco,d1824-1901 aES-MaACLjC-1475